000 00684cam a22002172 4500
001 0000009170
005 20151217154409.0
008 080910s xx 000 0 eng d
020 _a0072340894 :
_cKES 400
040 _aKABU
_cKABU
100 1 _aMcConnell, Campbell R.
_@0000105653
245 1 0 _aMacroeconomics :
_bprinciples, problems, and policies /
_cCampbell R. McConnell, Stanley L. Bruce.
250 _a15th ed.
260 _aBoston :
_bMcGraw-Hill,
_c2002.
300 _axxiv, 437 p.
650 0 _aMacroeconomics.
_@0000149933
700 1 _aBruce, Stanley L.
_@0000160248
908 _a080910
950 _@1
999 _c11003
_d11003